00462nam a22001692 4500001001100000005001700011008004100028020001700069040001500086100002800101245002500129250001300154260003500167300001600202630007100218852000300289000001909120151217152145.0100908s xx 000 0 eng d a0687497928 : aKABUcKABU1 aDay, Linda.@000017871510aEsther /cLinda Day. a1st ed. aNashiville :bAbingdon,c2005. axi, 177 p.00aBible.pO.T.pEsther.xCriticism, interpretation, etc.@00001787161